<?xml version="1.0" encoding="UTF-8"?>
<record
    xmlns:xsi="http://www.w3.org/2001/XMLSchema-instance"
    xsi:schemaLocation="http://www.loc.gov/MARC21/slim http://www.loc.gov/standards/marcxml/schema/MARC21slim.xsd"
    xmlns="http://www.loc.gov/MARC21/slim">

  <leader>01122nam0a2200289   4500</leader>
  <controlfield tag="001">RU\NLR\bibl\1313685</controlfield>
  <controlfield tag="005">20260406084105.0</controlfield>
  <datafield tag="010" ind1=" " ind2=" ">
    <subfield code="a">978-5-9539-2536-5</subfield>
    <subfield code="9">6000</subfield>
  </datafield>
  <datafield tag="021" ind1=" " ind2=" ">
    <subfield code="a">RU</subfield>
    <subfield code="b">2008-2520&#x438;</subfield>
    <subfield code="9">138&#x438;</subfield>
  </datafield>
  <datafield tag="035" ind1=" " ind2=" ">
    <subfield code="a">(NLR Aleph) 001299098</subfield>
  </datafield>
  <datafield tag="090" ind1=" " ind2=" ">
    <subfield code="a">607730</subfield>
    <subfield code="c">607730</subfield>
  </datafield>
  <datafield tag="100" ind1=" " ind2=" ">
    <subfield code="a">20090111d2008    |||y0rusy50      ca</subfield>
  </datafield>
  <datafield tag="101" ind1="0" ind2=" ">
    <subfield code="a">rus</subfield>
  </datafield>
  <datafield tag="102" ind1=" " ind2=" ">
    <subfield code="a">RU</subfield>
  </datafield>
  <datafield tag="105" ind1=" " ind2=" ">
    <subfield code="a">a   |||||||||</subfield>
  </datafield>
  <datafield tag="200" ind1="1" ind2=" ">
    <subfield code="a">&#x41B;&#x443;&#x43D;&#x442;&#x438;&#x43A; &#x438; &#x435;&#x433;&#x43E; &#x434;&#x440;&#x443;&#x437;&#x44C;&#x44F;</subfield>
    <subfield code="i">&#x41B;&#x435;&#x432;&#x44B;&#x439; - &#x43F;&#x440;&#x430;&#x432;&#x44B;&#x439;!</subfield>
    <subfield code="e">&#x43A;&#x43D;&#x438;&#x436;&#x43A;&#x430; &#x441; &#x43C;&#x430;&#x433;&#x43D;&#x438;&#x442;&#x430;&#x43C;&#x438;</subfield>
    <subfield code="e">[&#x434;&#x43B;&#x44F; &#x447;&#x442;&#x435;&#x43D;&#x438;&#x44F; &#x432;&#x437;&#x440;&#x43E;&#x441;&#x43B;&#x44B;&#x43C;&#x438; &#x434;&#x435;&#x442;&#x44F;&#x43C;</subfield>
    <subfield code="f">&#x445;&#x443;&#x434;&#x43E;&#x436;. &#x414;&#x430;&#x440;&#x438;&#x43D;&#x430; &#x428;&#x43C;&#x438;&#x434;&#x442; &#x438; &#x434;&#x440;.]</subfield>
  </datafield>
  <datafield tag="210" ind1=" " ind2=" ">
    <subfield code="a">&#x41C;&#x43E;&#x441;&#x43A;&#x432;&#x430;</subfield>
    <subfield code="c">&#x42D;&#x433;&#x43C;&#x43E;&#x43D;&#x442;</subfield>
    <subfield code="c">&#x42D;&#x433;&#x43C;&#x43E;&#x43D;&#x442; &#x420;&#x43E;&#x441;&#x441;&#x438;&#x44F; &#x41B;&#x442;&#x434;</subfield>
    <subfield code="d">cop. 2008</subfield>
  </datafield>
  <datafield tag="215" ind1=" " ind2=" ">
    <subfield code="a">[8] &#x441;.</subfield>
    <subfield code="c">&#x446;&#x432;. &#x438;&#x43B;.</subfield>
    <subfield code="d">21&#x445;23</subfield>
    <subfield code="e">&#x43C;&#x430;&#x433;&#x43D;&#x438;&#x442;&#x44B; &#x432; &#x43A;&#x43E;&#x440;&#x43E;&#x431;&#x43A;&#x435;</subfield>
  </datafield>
  <datafield tag="300" ind1=" " ind2=" ">
    <subfield code="a">&#x412; &#x432;&#x44B;&#x43F;. &#x434;&#x430;&#x43D;. &#x437;&#x430;&#x433;&#x43B;.: &#x41B;&#x435;&#x432;&#x44B;&#x439; - &#x43F;&#x440;&#x430;&#x432;&#x44B;&#x439;!</subfield>
  </datafield>
  <datafield tag="702" ind1=" " ind2="1">
    <subfield code="4">040</subfield>
    <subfield code="8">rus</subfield>
    <subfield code="7">ca</subfield>
    <subfield code="a">&#x428;&#x43C;&#x438;&#x434;&#x442;</subfield>
    <subfield code="b">&#x414;.</subfield>
    <subfield code="c">&#x445;&#x443;&#x434;&#x43E;&#x436;&#x43D;&#x438;&#x43A;</subfield>
    <subfield code="f">1983-</subfield>
    <subfield code="g">&#x414;&#x430;&#x440;&#x438;&#x43D;&#x430;</subfield>
    <subfield code="3">RU\NLR\auth\7752108</subfield>
    <subfield code="9">35041</subfield>
  </datafield>
  <datafield tag="801" ind1=" " ind2="0">
    <subfield code="a">RU</subfield>
    <subfield code="b">NLR</subfield>
    <subfield code="c">20090111</subfield>
    <subfield code="g">RCR</subfield>
  </datafield>
  <datafield tag="801" ind1=" " ind2="1">
    <subfield code="a">RU</subfield>
    <subfield code="b">NLR</subfield>
    <subfield code="c">20090111</subfield>
  </datafield>
  <datafield tag="852" ind1=" " ind2=" ">
    <subfield code="a">NLR</subfield>
    <subfield code="j">&#x418;&#x433;&#x440;/601</subfield>
  </datafield>
  <datafield tag="942" ind1=" " ind2=" ">
    <subfield code="c">BOOK</subfield>
  </datafield>
  <datafield tag="980" ind1=" " ind2=" ">
    <subfield code="a">NB</subfield>
  </datafield>
  <datafield tag="995" ind1=" " ind2=" ">
    <subfield code="5">2009-01-11</subfield>
    <subfield code="a">ad</subfield>
    <subfield code="b">NLR02</subfield>
    <subfield code="c">NLR02</subfield>
    <subfield code="e">RFS</subfield>
    <subfield code="f">1299098-10</subfield>
    <subfield code="k">&#x418;&#x433;&#x440;/601</subfield>
    <subfield code="o">0</subfield>
    <subfield code="r">BOOK</subfield>
    <subfield code="s">601_</subfield>
  </datafield>
</record>
